Music Quiz

Random Music or Artist Quiz

First One, Last One: Music Quiz Stats

 Plays Quiz Updated Sep 4, 2019

Score 0/18 Timer 03:00
1 Play Today
% Correct
John Lennon
89.1%
George Harrison
86.7%
Phil Collins
81.3%
Stevie Nicks
73.1%
Barry
70.6%
Woodwind
69.4%
Brass
67.3%
Jimi Hendrix
65.5%
L'inverno (Winter)
62.9%
% Correct
La primavera (Spring)
62.9%
Peter Gabriel
59.1%
(Any way the wind ...) Blows
58.9%
Is (this the real life?)
57.5%
Sean Penn
56.6%
Maurice (by 35 minutes)
53.1%
Guy Ritchie
48.3%
Christine McVie
39.2%
Richie Havens
13.2%

You're not logged in!

Compare scores with friends on all Sporcle quizzes.
OR
Log In

Sporcle TV

Today on Sporcle TV


Watch our educational content, quiz creation guides, and fun videos on Sporcle TV.

Show Comments

Extras

Top Quizzes Today


Score Distribution

Your Account Isn't Verified!

In order to create a playlist on Sporcle, you need to verify the email address you used during registration. Go to your Sporcle Settings to finish the process.

Report this User

Report this user for behavior that violates our Community Guidelines.

Details: